[Event "Charlesbourg Keres"]
[Site "Charlesbourg"]
[Date "2007.04.23"]
[Round "4"]
[White "Dupuis, Sebastien"]
[Black "Boulianne, Gabriel"]
[Result "0-1"]
[WhiteElo "1073"]
[BlackElo "1454"]
[PlyCount "66"]
[EventDate "2007.04.??"]
[EventType "swiss"]
[EventRounds "5"]
[EventCountry "CAN"]
[SourceTitle "EXT 2022"]
[Source "ChessBase"]
[SourceDate "2021.10.06"]
[SourceVersion "1"]
[SourceVersionDate "2021.10.06"]
[SourceQuality "1"]

1. e4 e5 2. Nf3 Nc6 3. Bb5 a6 4. Ba4 Nf6 5. d3 d6 6. 0-0 Be7 7. c3 0-0 8. Re1 Bd7 9. d4 exd4 10. cxd4 Re8 11. Nc3 h6 12. e5 dxe5 13. dxe5 Nh7 14. Bb3 Nf8 15. Bf4 Ng6 16. Nd5 Nxf4 17. Nxf4 Bb4 18. Re3 Bg4 19. Qd3 Bxf3 20. Bxf7+ Kxf7 21. e6+ Kg8 22. Rxf3 Ne5 23. Qe4 Nxf3+ 24. Qxf3 Rf8 25. g3 Bd6 26. Re1 Qe7 27. Re4 Bxf4 28. gxf4 Rf6 29. f5 Raf8 30. Rf4 g5 31. Qg4 Kh7 32. Rf3 Rxf5 33. Rxf5 Qxe6 0-1